A to G Animals - Statistics

General Stats
  • This quiz has been taken 27 times
  • The average score is 7 of 7
Answer Stats
Picture Hint Answer % Correct
A Alligator
100%
D Dolphin
100%
E Elephant
100%
F Flamingo
100%
G Gorilla
100%
B Buffalo
88%
C Capybara
79%
No matching quizzes found
Score Distribution
Percent of People with Each Score
Percentile by Number Answered
Your Score History
You have not taken this quiz